| 000 | 01339cam a2200409 4500 | ||
|---|---|---|---|
| 999 |
_c23413 _d23413 |
||
| 001 | vtls011742082 | ||
| 005 | 20221010083030.0 | ||
| 008 | 200228s2018 xo gr 000 fdslo | ||
| 020 |
_a9788056901229 _q(viazané) |
||
| 035 | _aurn:nbn:sk:snk-am00dabe | ||
| 035 | _aurn:nbn:sk:snk-am3hvcm | ||
| 035 | _aD9E588B1-459D-4F0A-ABA9-8D3A99FE5E91 | ||
| 040 |
_aPPPK _bslo _cPPPK _dSNK _erda |
||
| 041 | 0 | _aslo | |
| 044 |
_axo _cSK |
||
| 072 | 7 |
_a821.162.4-3 _xSlovenská próza _2konspekt |
|
| 080 |
_a821.162.4-31 _22011 |
||
| 080 |
_a(0:82-311.1) _22011 |
||
| 100 | 1 |
_aHavranová, Ivana _4aut _9665 |
|
| 245 | 1 | 0 |
_aMníška _cIvana Havranová |
| 250 | _aPrvé vydanie | ||
| 264 | 1 |
_aBratislava _bMarenčin PT _c2018 |
|
| 300 |
_a189 strán _c21 cm |
||
| 336 |
_atext _btxt _2rdacontent |
||
| 337 |
_abez média _bn _2rdamedia |
||
| 338 |
_azväzok _bnc _2rdacarrier |
||
| 500 | _a... tým túžby dievčaťa nekončia... | ||
| 500 | _aObsahuje biografické údaje o autorke na prebale | ||
| 655 | 7 |
_aslovenské romány _2SNKPH _91694 |
|
| 655 | 7 |
_aSlovak fiction _2SNKPHeng _91695 |
|
| 655 | 7 |
_aPsychological novels _2SNKPHeng _92389 |
|
| 655 | 7 |
_apsychologické romány _2SNKPH _92388 |
|
| 958 | _aLX | ||
| 958 | _aBC | ||